Agadat arbaʻ kosot / (Record no. 33101)
[ view plain ]
| 000 -LEADER | |
|---|---|
| fixed length control field | 00807cam a22002411 4500 |
| 001 - CONTROL NUMBER | |
| control field | he 68000827 |
| 003 - CONTROL NUMBER IDENTIFIER | |
| control field | DLC |
| 005 - DATE AND TIME OF LATEST TRANSACTION | |
| control field | 20260227111455.0 |
| 008 - FIXED-LENGTH DATA ELEMENTS--GENERAL INFORMATION | |
| fixed length control field | 840321s1967 is 000 0 heb |
| 010 ## - LIBRARY OF CONGRESS CONTROL NUMBER | |
| LC control number | he 68000827 |
| 035 ## - SYSTEM CONTROL NUMBER | |
| System control number | (OCoLC)19138566 |
| 040 ## - CATALOGING SOURCE | |
| Original cataloging agency | DLC |
| Transcribing agency | MH |
| Modifying agency | DLC |
| 042 ## - AUTHENTICATION CODE | |
| Authentication code | premarc |
| 050 00 - LIBRARY OF CONGRESS CALL NUMBER | |
| Classification number | PJ5051.P3 |
| Item number | A7 1967 |
| 100 1# - MAIN ENTRY--PERSONAL NAME | |
| Personal name | Pappenheim, Solomon, |
| Dates associated with a name | 1740-1814. |
| 245 10 - TITLE STATEMENT | |
| Title | Agadat arbaʻ kosot / |
| Statement of responsibility, etc. | menuḳadah, mevoʼarah, u-mughah ʻal yede Daṿid Slutsḳi ṿe-I. D. Tumpowski. |
| 260 ## - PUBLICATION, DISTRIBUTION, ETC. | |
| Place of publication, distribution, etc. | [Tel Aviv] : |
| Name of publisher, distributor, etc. | Universiṭat Tel Aviv, ha-Faḳultah le-madaʻe ha-ruʼaḥ, ha-Ḥug le-sifrut ʻIvrit, |
| Date of publication, distribution, etc. | 727 [1967] |
| 300 ## - PHYSICAL DESCRIPTION | |
| Extent | 50 p. ; |
| Dimensions | 17 cm. |
| 500 ## - GENERAL NOTE | |
| General note | Reprint of Warsaw, 1863 edition. |
| 700 1# - ADDED ENTRY--PERSONAL NAME | |
| Personal name | Slucki, David. |
| 752 ## - ADDED ENTRY--HIERARCHICAL PLACE NAME | |
| Country or larger entity | Poland |
| City | Warsaw |
| 752 ## - ADDED ENTRY--HIERARCHICAL PLACE NAME | |
| Country or larger entity | Israel |
| City | Tel Aviv |
No items available.